Využitie vybraných nástrojov a metód priemyselného inžinierstva pri znížení nepodarkovosti vo výrobnom procese v ENL SK, s.r.o.

Uložené v:
Podrobná bibliografia
Hlavný autor: Stanková, Katarína (Autor)
Ďalší autori: Mĺkva, Miroslava (Vedúci práce)
Médium: Rukopis Kniha
Jazyk:Slovak
Vydavateľské údaje: 2017
Predmet:
On-line prístup:http://is.stuba.sk/zp/portal_zp.pl?podrobnosti=126712
Tagy: Pridať tag
Žiadne tagy, Buďte prvý, kto otaguje tento záznam!

MARC

LEADER 00000ntm a22000003a 4500
001 stuzp60534
003 SK-STU
005 20170603210241.6
007 ta
008 150427s2015----xo-----f-mn---000-0-slo-d
040 |a STU  |b slo 
041 0 |a slo 
100 1 |a Stanková, Katarína  |u 064000  |k Z4  |4 aut  |U MTF Materiálovotechnologická fakulta  |T MTF Ústav priemyselného inžinierstva a manažmentu  |X 47056  |U M4000  |Y 84  |7 47056 
242 0 1 |a Usage of selected tools and methods of industrial engineering focussed on error reduction in ENL SK, s. r. o. production process  |y eng 
245 1 0 |a Využitie vybraných nástrojov a metód priemyselného inžinierstva pri znížení nepodarkovosti vo výrobnom procese v ENL SK, s.r.o. 
260 |c 2017 
650 4 |a výroba  |2 slo 
650 4 |a výrobný proces  |2 slo 
650 4 |a nepodarkovosť  |2 slo 
650 4 |a Inserty  |2 slo 
650 4 |a error  |2 eng 
650 4 |a production  |2 eng 
650 4 |a production process  |2 eng 
650 4 |a Inserts  |2 eng 
700 1 |a Mĺkva, Miroslava  |u 064000  |k Z1  |4 ths  |U MTF Materiálovotechnologická fakulta  |T MTF Ústav priemyselného inžinierstva a manažmentu  |X 4176  |U M4000  |Y 84  |7 A000004176 
856 4 |u http://is.stuba.sk/zp/portal_zp.pl?podrobnosti=126712 
996 |c M* DP-13286  |l MMSKP  |s P  |a 0  |w stuzp60534_0001